[Event "Championnat de France - Open C"]
[Site "BESANCON"]
[Date "2006.08.15"]
[Round "1.1"]
[White "Waligova, Denis"]
[Black "Robin, Jonathan"]
[Result "1-0"]
[WhiteElo "1700"]
[BlackElo "1499"]
[PlyCount "93"]
[EventDate "2006.??.??"]

1. d4 Nf6 2. Nf3 e6 3. c4 Bb4+ 4. Bd2 Bxd2+ 5. Nbxd2 b6 6. e3 d6 7. Qc2 Bb7 8.
Bd3 Nbd7 9. O-O O-O 10. Rfd1 h6 11. Rac1 c5 12. h3 a6 13. a3 Re8 14. b4 cxb4
15. axb4 Rc8 16. Qb2 e5 17. dxe5 dxe5 18. Be2 e4 19. Nd4 Nh5 20. Bxh5 Re5 21.
Be2 Rg5 22. Nf1 h5 23. Ng3 h4 24. Nh5 Qf8 25. Nf4 Qe7 26. Qd2 Ne5 27. Nd5 Bxd5
28. cxd5 Rxc1 29. Rxc1 b5 30. Rc8+ Kh7 31. Qc3 Qd7 32. Kh2 Qd6 33. Kh1 Qxd5 34.
f4 exf3 35. Nxf3 Nxf3 36. Bxf3 Qa2 37. Rc5 Qb1+ 38. Kh2 Rxc5 39. bxc5 b4 40.
Qd4 Qe1 41. Qf4 b3 42. Be4+ g6 43. Qxf7+ Kh8 44. Qxg6 Qg3+ 45. Qxg3 hxg3+ 46.
Kxg3 b2 47. c6 1-0

[Event "Championnat de France - Open C"]
[Site "BESANCON"]
[Date "2006.08.15"]
[Round "1.2"]
[White "Cordier, Gregory"]
[Black "Perradin, Vincent"]
[Result "0-1"]
[WhiteElo "1490"]
[BlackElo "1690"]
[PlyCount "100"]
[EventDate "2006.??.??"]

1. e4 e5 2. Nf3 Nc6 3. d4 exd4 4. Bc4 Nf6 5. e5 Ng4 6. Bf4 d6 7. O-O dxe5 8.
Re1 Be7 9. Bxe5 Ngxe5 10. Nxe5 Nxe5 11. Rxe5 O-O 12. Rd5 Bd6 13. Rxd4 Qf6 14.
Nc3 Be5 15. Rd3 Qf4 16. Qh5 g6 17. g3 gxh5 18. gxf4 Bxf4 19. Re1 a6 20. Nd5 Bd6
21. Nf6+ Kh8 22. Nxh5 Bf5 23. Rd2 Rad8 24. Bd3 Bb4 25. c3 Ba5 26. Re3 Bb6 27.
Rg3 Rg8 28. Nf4 c5 29. Kf1 Rxg3 30. hxg3 c4 31. Ke2 cxd3+ 32. Nxd3 Bxd3+ 33.
Rxd3 Rxd3 34. Kxd3 Bxf2 35. g4 Kg7 36. Ke4 Kg6 37. Kf4 Be1 38. c4 Bd2+ 39. Kf3
Kg5 40. b3 h5 41. gxh5 Kxh5 42. Ke4 Kg4 43. Kd3 Bb4 44. Ke3 f5 45. Ke2 Kg3 46.
Kf1 f4 47. Ke2 f3+ 48. Kf1 f2 49. a4 Bc5 50. a5 Bb4 0-1

[Event "Championnat de France - Open C"]
[Site "BESANCON"]
[Date "2006.08.15"]
[Round "1.4"]
[White "Moreau, Lionel"]
[Black "Devecchi, Jorge"]
[Result "0-1"]
[WhiteElo "1490"]
[BlackElo "1670"]
[PlyCount "124"]
[EventDate "2006.??.??"]

1. b4 e5 2. Bb2 d6 3. e3 Nf6 4. Bc4 Be7 5. h3 O-O 6. Ne2 d5 7. Bb3 e4 8. b5 a6
9. Nd4 axb5 10. Nxb5 c6 11. N5a3 b5 12. c3 Nbd7 13. d4 exd3 14. Qxd3 Nc5 15.
Qd4 Bf5 16. O-O Nd3 17. c4 Bc5 18. Qc3 b4 19. Qc2 bxa3 20. Bd4 Bg6 21. Nc3 dxc4
22. Bxf6 Qxf6 23. Bxc4 Nb2 24. Ne4 Qe5 25. Bd3 Nxd3 26. Nxc5 Nxc5 27. f4 Qxe3+
28. Qf2 Qxf2+ 29. Rxf2 f6 30. f5 Bf7 31. Rc2 Ra5 32. Rb1 Ne4 33. Kh2 Rxf5 34.
Re1 Bd5 35. Re3 Ra8 36. h4 Kf7 37. Rce2 Rf2 38. Kg1 Rxe2 39. Rxe2 Rb8 40. Re3
Rb1+ 41. Kh2 Rb2 42. Rxa3 Rxa2 43. Re3 Nd6 44. Rg3 Rxg2+ 45. Rxg2 Bxg2 46. Kxg2
Ke6 47. Kf3 h5 48. Kf4 Kd5 49. Kf3 Kd4 50. Ke2 g5 51. hxg5 fxg5 52. Kf2 Kd3 53.
Kg3 c5 54. Kf2 Nf5 55. Kf3 c4 56. Kf2 c3 57. Kf3 c2 58. Kf2 g4 59. Kg2 Ke2 60.
Kh2 Kf3 61. Kg1 g3 62. Kh1 c1=Q# 0-1

[Event "Championnat de France - Open C"]
[Site "BESANCON"]
[Date "2006.08.15"]
[Round "1.5"]
[White "Louison, Lewis"]
[Black "Amoyal, Raphael"]
[Result "1-0"]
[WhiteElo "1660"]
[BlackElo "1480"]
[PlyCount "109"]
[EventDate "2006.??.??"]

1. e4 e6 2. d4 d5 3. exd5 exd5 4. Nc3 Bb4 5. Bd2 Ne7 6. Nf3 Bg4 7. Be2 Nbc6 8.
O-O Bxf3 9. Bxf3 Nxd4 10. Re1 O-O 11. a3 Bc5 12. b4 Bb6 13. Bg5 f6 14. Be3
Nxf3+ 15. Qxf3 Bxe3 16. Qxe3 Re8 17. Rad1 c6 18. b5 Nf5 19. Qd3 Rxe1+ 20. Rxe1
Nd6 21. bxc6 bxc6 22. Rd1 Nc4 23. Qe2 Qa5 24. Qe6+ Kh8 25. Qxc6 Rg8 26. Nxd5
Nxa3 27. Nxf6 Rd8 28. Rxd8+ Qxd8 29. Nd5 Nxc2 30. Qxc2 Qxd5 31. Qc8+ Qg8 32.
Qb7 a5 33. Qa6 Qd8 34. g3 Qd1+ 35. Kg2 Qd5+ 36. f3 h6 37. Qe2 a4 38. Qe8+ Kh7
39. Qxa4 Qd2+ 40. Kh3 Qe2 41. Qe4+ Qxe4 42. fxe4 Kg6 43. Kg4 Kf6 44. h4 g6 45.
Kf4 Ke6 46. g4 Kf6 47. e5+ Ke6 48. Ke4 Kf7 49. Kd5 Ke7 50. e6 Ke8 51. Kd6 Kd8
52. e7+ Ke8 53. Ke6 h5 54. gxh5 g5 55. h6 1-0

[Event "Championnat de France - Vétérans"]
[Site "BESANCON"]
[Date "2006.08.15"]
[Round "1.1"]
[White "Goldenberg, Richard"]
[Black "Derouineau, Paul"]
[Result "1-0"]
[WhiteElo "2329"]
[BlackElo "1810"]
[PlyCount "49"]
[EventDate "2006.??.??"]

1. Nf3 Nf6 2. c4 e6 3. g3 b6 4. Bg2 Bb7 5. O-O Be7 6. b3 O-O 7. Bb2 c5 8. Nc3
d6 9. e3 Nbd7 10. Qe2 Re8 11. Rad1 a6 12. d4 Qc7 13. e4 e5 14. dxe5 dxe5 15.
Nh4 Nf8 16. Nf5 Ne6 17. Nd5 Bxd5 18. exd5 Nd4 19. Bxd4 exd4 20. Qd2 Rad8 21.
Qg5 Bf8 22. d6 Qd7 23. Rfe1 Rxe1+ 24. Rxe1 Re8 25. Re7 1-0

[Event "Championnat de France - Vétérans"]
[Site "BESANCON"]
[Date "2006.08.15"]
[Round "1.2"]
[White "Hocher, Eugene"]
[Black "Meinsohn, Francis"]
[Result "0-1"]
[WhiteElo "1810"]
[BlackElo "2250"]
[PlyCount "70"]
[EventDate "2006.??.??"]

1. d4 d5 2. Nf3 Bf5 3. c4 e6 4. e3 c6 5. Nbd2 Nd7 6. Be2 Bd6 7. a3 a5 8. b3 h5
9. Bb2 h4 10. h3 Ne7 11. Qc1 Ng6 12. Qc3 Qe7 13. O-O O-O 14. Rfe1 f6 15. Bd3
Bxd3 16. Qxd3 f5 17. Kh1 Nf6 18. Qc2 Ne4 19. Rf1 Qc7 20. Qd1 Be7 21. Rc1 Qb6
22. Kg1 Bf6 23. Qc2 Rf7 24. Ra1 Ne7 25. Nxe4 fxe4 26. Nd2 Nf5 27. Rfc1 g5 28.
Bc3 Rg7 29. Rcb1 Qc7 30. b4 g4 31. hxg4 Rxg4 32. Nf1 Qg7 33. g3 hxg3 34. fxg3
Nxg3 35. Nxg3 Rxg3+ 0-1

[Event "Championnat de France - Vétérans"]
[Site "BESANCON"]
[Date "2006.08.15"]
[Round "1.3"]
[White "Ancival, Lucien"]
[Black "Pair, Maurice"]
[Result "0-1"]
[WhiteElo "2044"]
[BlackElo "1809"]
[PlyCount "86"]
[EventDate "2006.??.??"]

1. c4 e5 2. Nc3 Nf6 3. Nf3 Nc6 4. g3 d5 5. cxd5 Nxd5 6. d3 Be7 7. Bg2 Be6 8.
Nxd5 Bxd5 9. O-O O-O 10. a3 f5 11. b4 a6 12. Bb2 Bf6 13. e3 Kh8 14. Rc1 Qe7 15.
Nd2 Rad8 16. Bxd5 Rxd5 17. Rc3 Rfd8 18. Nb3 Qd7 19. Nc5 Qc8 20. Kg2 Ne7 21. Qc2
c6 22. Rb3 b6 23. Na4 Qb7 24. Rd1 c5 25. Kg1 Qc6 26. Nc3 R5d6 27. bxc5 bxc5 28.
Qe2 Qd7 29. Nb1 c4 30. Rb4 cxd3 31. Qf1 e4 32. Bxf6 Rxf6 33. Nd2 Rc8 34. Rdb1
Rfc6 35. f3 Rc2 36. Qd1 Nd5 37. Rd4 Qe6 38. Qe1 Nc3 39. fxe4 Nxb1 40. Nxb1 fxe4
41. Nd2 Qc6 42. Qf2 Qc3 43. Rc4 Qxc4 0-1

[Event "Championnat de France - Vétérans"]
[Site "BESANCON"]
[Date "2006.08.15"]
[Round "1.4"]
[White "Duval, Michel"]
[Black "Labarthe, Arnaud"]
[Result "1/2-1/2"]
[WhiteElo "1801"]
[BlackElo "2044"]
[PlyCount "103"]
[EventDate "2006.??.??"]

1. e4 d5 2. exd5 Nf6 3. Bb5+ Bd7 4. Bc4 Bg4 5. f3 Bf5 6. Nc3 Nbd7 7. d3 Nb6 8.
Qe2 Nbxd5 9. Nxd5 Nxd5 10. Qe5 e6 11. Bxd5 Qxd5 12. Qxd5 exd5 13. Bd2 c5 14.
O-O-O Be7 15. Ne2 O-O 16. g4 Bd7 17. Rde1 Bh4 18. Ng3 g6 19. Re2 a5 20. Rhe1
Bf6 21. Bc3 Bxc3 22. bxc3 Be6 23. Kd2 b5 24. a3 b4 25. cxb4 cxb4 26. Ra1 Rfb8
27. axb4 Rxb4 28. Ree1 a4 29. Ra3 Kg7 30. Ne2 Kf6 31. Rea1 Bd7 32. Kc3 Rab8 33.
Kd2 Kg5 34. h4+ Kh6 35. Nc3 Bc6 36. Nxa4 Rf4 37. Ke3 g5 38. hxg5+ Kxg5 39. Nc5
d4+ 40. Kd2 Rxf3 41. Ne4+ Bxe4 42. dxe4 Rxa3 43. Rxa3 Kf4 44. Ra7 Kxg4 45. Rxf7
h5 46. Rg7+ Kf4 47. Rh7 Kxe4 48. Rxh5 Rg8 49. Rh4+ Kd5 50. Rh2 Rg3 51. Re2 Rc3
52. Rf2 1/2-1/2

[Event "Championnat de France - Vétérans"]
[Site "BESANCON"]
[Date "2006.08.15"]
[Round "1.5"]
[White "Degrave, Jack"]
[Black "Paccard, Jacques"]
[Result "0-1"]
[WhiteElo "2042"]
[BlackElo "1794"]
[PlyCount "68"]
[EventDate "2006.??.??"]

1. d4 d5 2. Nf3 g6 3. e3 Bg7 4. Bd3 Nf6 5. Nbd2 c6 6. e4 dxe4 7. Nxe4 O-O 8. c3
Bg4 9. h3 Bxf3 10. Qxf3 Nbd7 11. Bf4 Nh5 12. O-O-O Qa5 13. Kb1 Nxf4 14. Qxf4 e5
15. dxe5 Nxe5 16. h4 Rad8 17. Be2 f5 18. Ng5 Rxd1+ 19. Rxd1 Rd8 20. Qe3 Rxd1+
21. Bxd1 h6 22. Bb3+ Kh8 23. Nf7+ Kh7 24. f4 Nxf7 25. Bxf7 Qd8 26. Kc2 Qxh4 27.
Qe8 Qf2+ 28. Kd3 Qf1+ 29. Kc2 Qxg2+ 30. Kb3 h5 31. Bg8+ Kh6 32. Qe7 Qg3 33.
Qxb7 Qxf4 34. Qxc6 Qb8+ 0-1

[Event "Championnat de France - Accession"]
[Site "BESANCON"]
[Date "2006.08.16"]
[Round "2.1"]
[White "Vitoux, Colomban"]
[Black "Chernuschevich, Alexei"]
[Result "1/2-1/2"]
[WhiteElo "2300"]
[BlackElo "2524"]
[PlyCount "65"]
[EventDate "2006.??.??"]

1. e4 c5 2. Nf3 e6 3. c4 d6 4. Nc3 e5 5. d3 g6 6. Be2 Bg7 7. a3 Nc6 8. O-O Nge7
9. b4 b6 10. Rb1 O-O 11. Nd5 Nxd5 12. cxd5 Nd4 13. Nxd4 exd4 14. bxc5 bxc5 15.
Qa4 a5 16. Qc6 Ra6 17. Qb5 Qe7 18. Bd2 f5 19. Rbe1 f4 20. f3 Be5 21. Rb1 a4 22.
Rb2 g5 23. Rfb1 h5 24. Qc4 Ra7 25. Rb8 g4 26. Be1 Qg5 27. Qb5 Raf7 28. Qc6 gxf3
29. Bxf3 Bg4 30. Kf1 Bd7 31. Rxf8+ Kxf8 32. Qa8+ Kg7 33. Rb7 1/2-1/2

[Event "Championnat de France - Accession"]
[Site "BESANCON"]
[Date "2006.08.16"]
[Round "2.2"]
[White "Philippe, Christophe"]
[Black "Bedouin, Xavier"]
[Result "0-1"]
[WhiteElo "2411"]
[BlackElo "2294"]
[PlyCount "80"]
[EventDate "2006.??.??"]

1. e4 e5 2. Nf3 Nf6 3. Nxe5 d6 4. Nf3 Nxe4 5. Nc3 Nf6 6. d4 Be7 7. Bg5 O-O 8.
Qd2 h6 9. Bf4 Bf5 10. O-O-O c6 11. Bd3 Bxd3 12. Qxd3 Na6 13. Rhe1 Qd7 14. Nh4
Rfe8 15. Nf5 Bf8 16. Qh3 Kh8 17. g4 Nc7 18. f3 Ncd5 19. Nxd5 Nxd5 20. Bd2 b5
21. Qh5 a5 22. Re4 Ne7 23. Rde1 Nxf5 24. gxf5 Rxe4 25. fxe4 f6 26. Rg1 d5 27.
Qg4 dxe4 28. Bxh6 Qf7 29. Be3 Re8 30. Kb1 a4 31. Qh3+ Kg8 32. Rg4 Qc4 33. Rh4
b4 34. Rh8+ Kf7 35. Qg2 b3 36. axb3 axb3 37. Rh3 Ra8 38. Qg6+ Ke7 39. Qg2 bxc2+
40. Qxc2 Ra1+ 0-1

[Event "Championnat de France - Accession"]
[Site "BESANCON"]
[Date "2006.08.16"]
[Round "2.3"]
[White "Karim, Ismael"]
[Black "Benitah, Yohan"]
[Result "0-1"]
[WhiteElo "2288"]
[BlackElo "2406"]
[PlyCount "50"]
[EventDate "2006.??.??"]

1. e4 c5 2. Nf3 d6 3. d4 cxd4 4. Nxd4 Nf6 5. Nc3 a6 6. Be2 e6 7. O-O Be7 8. f4
Qc7 9. Be3 O-O 10. g4 Nc6 11. g5 Nd7 12. f5 Nxd4 13. Qxd4 Qd8 14. h4 Ne5 15.
Na4 b5 16. Nb6 Rb8 17. Nxc8 Rxc8 18. fxe6 fxe6 19. Rxf8+ Bxf8 20. c3 Rc4 21.
Qd2 Rxe4 22. Bf4 Qb6+ 23. Kg2 Ng6 24. Rf1 Nxh4+ 25. Kh3 Ng6 0-1

[Event "Championnat de France - Accession"]
[Site "BESANCON"]
[Date "2006.08.16"]
[Round "2.4"]
[White "Edouard, Romain"]
[Black "Debray, Christopher"]
[Result "1-0"]
[WhiteElo "2404"]
[BlackElo "2284"]
[PlyCount "43"]
[EventDate "2006.??.??"]

1. e4 c5 2. Nf3 d6 3. Bb5+ Nd7 4. O-O Ngf6 5. Re1 a6 6. Bf1 e6 7. c3 Be7 8. d4
cxd4 9. cxd4 d5 10. e5 Ne4 11. Bd3 Ng5 12. Bxg5 Bxg5 13. Nxg5 Qxg5 14. Nd2 Nb8
15. b4 O-O 16. Re3 g6 17. Rg3 Qe7 18. Nf3 Qxb4 19. Qc1 Rd8 20. Qf4 Qe7 21. Ng5
Nd7 22. Nxh7 1-0

[Event "Championnat de France - Accession"]
[Site "BESANCON"]
[Date "2006.08.16"]
[Round "2.5"]
[White "Therkildsen, Thomas"]
[Black "Govciyan, Pavel"]
[Result "1-0"]
[WhiteElo "2285"]
[BlackElo "2397"]
[PlyCount "103"]
[EventDate "2006.??.??"]

1. e4 g6 2. d4 Bg7 3. Nc3 c6 4. Bc4 d6 5. Be3 Nf6 6. f3 b5 7. Bd3 Nbd7 8. Qd2
O-O 9. Nge2 Nb6 10. b3 e5 11. a4 b4 12. Nd1 exd4 13. Bxd4 c5 14. Bb2 a5 15. c4
bxc3 16. Ndxc3 Be6 17. Bc2 Ne8 18. Nf4 Rb8 19. Rb1 Nc7 20. O-O Qd7 21. Nd1 Na6
22. Bxg7 Kxg7 23. Bd3 c4 24. Qxa5 Qa7 25. Nxe6+ fxe6 26. Be2 Rfc8 27. Kh1 e5
28. bxc4 Nxc4 29. Bxc4 Rxb1 30. Qxa6 Qc5 31. Bb5 Rc7 32. Qa5 Qc1 33. Ne3 Kh6
34. h3 Qc3 35. Qxc3 Rxf1+ 36. Nxf1 Rxc3 37. Nd2 Kg5 38. Nc4 Kf4 39. Kh2 h5 40.
h4 Rc2 41. a5 Ra2 42. a6 g5 43. Nb6 gxh4 44. Na4 h3 45. Kxh3 Ra1 46. Kh2 h4 47.
a7 h3 48. a8=Q hxg2 49. Qf8+ Ke3 50. Kxg2 d5 51. Qh6+ Kd4 52. Qd2# 1-0

[Event "Championnat de France - Accession"]
[Site "BESANCON"]
[Date "2006.08.16"]
[Round "2.6"]
[White "Olivier, Jean-Christophe"]
[Black "Clery, Nicolas"]
[Result "1-0"]
[WhiteElo "2392"]
[BlackElo "2278"]
[PlyCount "70"]
[EventDate "2006.??.??"]

1. e4 e6 2. d4 d5 3. Nc3 Bb4 4. e5 c5 5. a3 Bxc3+ 6. bxc3 Ne7 7. a4 Nbc6 8. Nf3
Bd7 9. Bd3 Qa5 10. O-O c4 11. Be2 f6 12. Qd2 O-O-O 13. Ba3 Be8 14. Rfe1 Nf5 15.
g4 Nfe7 16. Bf1 Bf7 17. exf6 gxf6 18. Qf4 Rhf8 19. Bxe7 Nxe7 20. Qxf6 Ng6 21.
Re3 Bg8 22. Qg5 Nf4 23. Ne5 Rde8 24. Nxc4 Qc7 25. Ne5 h6 26. Qxh6 Bh7 27. Rf3
Ng6 28. Rxf8 Nxf8 29. c4 Kb8 30. c3 dxc4 31. Bxc4 Be4 32. Re1 Bc6 33. Nxc6+
Qxc6 34. Bb5 Qxc3 35. Qf4+ Ka8 1-0

[Event "Championnat de France - Accession"]
[Site "BESANCON"]
[Date "2006.08.16"]
[Round "2.7"]
[White "Seret, Jean-Luc"]
[Black "Bleunven, Andre"]
[Result "0-1"]
[WhiteElo "2378"]
[BlackElo "2276"]
[PlyCount "81"]
[EventDate "2006.??.??"]

1. e4 c5 2. Nf3 e6 3. c3 d5 4. d3 Nc6 5. Be2 Nf6 6. Qc2 Be7 7. O-O O-O 8. Re1
d4 9. e5 Nd7 10. Bf1 dxc3 11. bxc3 b6 12. d4 Bb7 13. Qe4 Re8 14. Nbd2 cxd4 15.
cxd4 Nf8 16. h4 Rc8 17. h5 Rc7 18. Qg4 Nb4 19. Ne4 Nc2 20. Nf6+ Bxf6 21. exf6
Qxf6 22. Bf4 Bxf3 23. gxf3 Nxe1 24. Rxe1 Qd8 25. Bb5 Ree7 26. Be5 f5 27. Qg3
Rcd7 28. Qf4 g5 29. Qe3 h6 30. f4 gxf4 31. Bxf4 Rg7+ 32. Kf1 Rxd4 33. Bxh6 Re4
34. Qc3 Rc7 35. Qg3+ Rg4 36. Qd3 Qe7 37. Qb3 Qh4 38. Rxe6 Rf7 39. Re3 Qh1+ 40.
Ke2 Qxh5 41. Qxf7+ 0-1

[Event "Championnat de France - Accession"]
[Site "BESANCON"]
[Date "2006.08.16"]
[Round "2.8"]
[White "Shoker, Samy"]
[Black "Mancini, Mario"]
[Result "1-0"]
[WhiteElo "2355"]
[BlackElo "2258"]
[PlyCount "90"]
[EventDate "2006.??.??"]

1. g3 d5 2. Bg2 c6 3. d3 Bf5 4. Nd2 e6 5. e4 Bg6 6. Nh3 Nf6 7. Qe2 Be7 8. f4
Bh5 9. Nf3 Na6 10. Nf2 dxe4 11. dxe4 Nc5 12. h3 Bxf3 13. Bxf3 Qb6 14. O-O O-O
15. c3 a5 16. g4 Rfe8 17. g5 Nfd7 18. Be3 Qc7 19. Ng4 Nf8 20. h4 Ng6 21. Qh2
Nd3 22. e5 Bc5 23. Bxc5 Nxc5 24. h5 Ne7 25. h6 Nf5 26. hxg7 Kxg7 27. Nf6 Rh8
28. Bg4 h6 29. Bxf5 exf5 30. Qg3 h5 31. Kh1 Kg6 32. Rad1 Rad8 33. Qf2 Ne6 34.
Qf3 Ng7 35. Rf2 Qb6 36. Nd7 Qb5 37. e6 Nxe6 38. c4 Qb4 39. a3 Qe7 40. Rfd2 c5
41. Ne5+ Kg7 42. Rd7 Rxd7 43. Rxd7 Qe8 44. Rxf7+ Kg8 45. Qd5 Rh7 1-0

[Event "Championnat de France - Accession"]
[Site "BESANCON"]
[Date "2006.08.16"]
[Round "2.9"]
[White "Morelle, Ludovic"]
[Black "Chomet, Pascal"]
[Result "1/2-1/2"]
[WhiteElo "2283"]
[BlackElo "2350"]
[PlyCount "60"]
[EventDate "2006.??.??"]

1. e4 e5 2. Nf3 Nc6 3. Bb5 a6 4. Ba4 Nf6 5. O-O Be7 6. Re1 b5 7. Bb3 d6 8. c3
O-O 9. h3 Nd7 10. d4 Bf6 11. Be3 Na5 12. Bc2 Nc4 13. Bc1 Bb7 14. Nbd2 Nxd2 15.
Bxd2 Re8 16. a4 exd4 17. Nxd4 bxa4 18. f3 d5 19. exd5 Rxe1+ 20. Bxe1 Ne5 21.
Rxa4 Bxd5 22. Bg3 g6 23. Qe2 Qd6 24. Be4 c5 25. Bxd5 Qxd5 26. Rxa6 Rxa6 27.
Qxa6 Kg7 28. Bxe5 Bxe5 29. Ne2 Qd2 30. Kf2 Qxb2 1/2-1/2

[Event "Championnat de France - Accession"]
[Site "BESANCON"]
[Date "2006.08.17"]
[Round "2.10"]
[White "Feller, Sebastien"]
[Black "Pucher, Olivier"]
[Result "1/2-1/2"]
[WhiteElo "2345"]
[BlackElo "2257"]
[PlyCount "160"]
[EventDate "2006.??.??"]

1. c4 c5 2. Nf3 Nc6 3. d4 cxd4 4. Nxd4 e6 5. Nc3 Nf6 6. Bf4 d5 7. cxd5 Nxd5 8.
Nxc6 bxc6 9. Bd2 Ba6 10. Rc1 Be7 11. Qa4 Bb7 12. e4 Nb6 13. Qc2 O-O 14. Be3 Qc7
15. Be2 c5 16. O-O Bc6 17. f4 Rad8 18. f5 exf5 19. Rxf5 g6 20. Rf2 Bd6 21. h3
Qe7 22. Bh6 Qe5 23. Bf4 Qe7 24. Rcf1 Bxf4 25. Rxf4 Rd4 26. Bb5 Bb7 27. a4 a6
28. Be2 Nd7 29. Qc1 Ne5 30. Rf6 Nd7 31. R6f2 Kg7 32. b3 f6 33. Nd5 Qxe4 34. Bf3
Qe5 35. Re2 Qd6 36. Re7+ Rf7 37. Rxf7+ Kxf7 38. Nxf6 Nxf6 39. Bxb7 Kg7 40. Bf3
c4 41. bxc4 Qc5 42. Kh1 Qxc4 43. Qe1 Ne4 44. Rg1 Qxa4 45. Qe3 Qb4 46. Re1 Nf6
47. Rf1 Qd6 48. Rb1 Qd8 49. Qe5 Rd7 50. Rf1 Qe7 51. Qa1 h5 52. g4 hxg4 53. hxg4
g5 54. Qa5 Ne4 55. Re1 Qc5 56. Qxc5 Nxc5 57. Re5 Nd3 58. Rxg5+ Kf8 59. Kh2 Re7
60. Bd5 Re3 61. Rg8+ Ke7 62. Bc4 a5 63. g5 Ne5 64. Rg7+ Kf8 65. Rg8+ Ke7 66.
Bd5 Rd3 67. Rg7+ Kf8 68. Rg8+ Ke7 69. Be4 Kf7 70. Ra8 Re3 71. Ra7+ Kf8 72. Ra8+
Kg7 73. Ra7+ Kf8 74. Bb7 Ra3 75. Kg2 a4 76. Ra5 Nd3 77. Be4 Nf4+ 78. Kf2 Kg7
79. Ra7+ Kf8 80. g6 Nh5 1/2-1/2

[Event "Championnat de France - Accession"]
[Site "BESANCON"]
[Date "2006.08.16"]
[Round "2.11"]
[White "Naudier, Serge"]
[Black "Crut, Aurelien"]
[Result "1-0"]
[WhiteElo "2277"]
[BlackElo "2342"]
[PlyCount "80"]
[EventDate "2006.??.??"]

1. e4 e6 2. d4 d5 3. Nc3 Bb4 4. Nge2 Nc6 5. a3 Ba5 6. b4 Bb6 7. Bb2 Nge7 8. Qd3
O-O 9. Na4 Bd7 10. c4 dxc4 11. Qxc4 Ng6 12. Nc5 Bxc5 13. Qxc5 f5 14. d5 Nce5
15. Qd4 fxe4 16. Qxe4 Qf6 17. O-O-O exd5 18. Rxd5 Bf5 19. Qd4 Rad8 20. Ng3 Qc6+
21. Bc4 Qxc4+ 22. Qxc4 Nxc4 23. Rxd8 Rxd8 24. Nxf5 Nxb2 25. Kxb2 Rd2+ 26. Kc3
Rxf2 27. g4 Rf3+ 28. Kd4 Rf4+ 29. Ke3 Rxg4 30. Rc1 c6 31. Nd6 Rh4 32. Nxb7 Ne7
33. Rc2 Nd5+ 34. Kd3 Rh3+ 35. Kd4 Rxa3 36. b5 Nb4 37. Rxc6 Nxc6+ 38. bxc6 Ra2
39. c7 Rc2 40. Nc5 Rd2+ 1-0

[Event "Championnat de France - Accession"]
[Site "BESANCON"]
[Date "2006.08.16"]
[Round "2.12"]
[White "Van Elst, Andreas"]
[Black "Claverie, Christophe"]
[Result "1-0"]
[WhiteElo "2258"]
[BlackElo "2331"]
[PlyCount "66"]
[EventDate "2006.??.??"]

1. d4 Nf6 2. c4 g6 3. Nc3 Bg7 4. e4 d6 5. Nf3 O-O 6. Be2 Bg4 7. Be3 Nfd7 8. Qb3
Bxf3 9. Bxf3 Nc6 10. Rd1 e5 11. dxe5 dxe5 12. Ne2 Qc8 13. Bg4 f5 14. exf5 Nf6
15. Bh3 gxf5 16. Ng3 Ng4 17. Bxg4 fxg4 18. c5+ Kh8 19. Nh5 Rb8 20. Nxg7 Kxg7
21. O-O h5 22. Bd2 Qf5 23. Bc3 Qf7 24. Qc2 Qf5 25. Qe2 Rbd8 26. f4 Nd4 27. Bxd4
exd4 28. Qe7+ Kg8 29. Qxc7 Rfe8 30. Qxb7 Rb8 31. Qxa7 Rxb2 32. Rde1 Rf8 33. Re5
Qf6 1-0

[Event "Championnat de France - Accession"]
[Site "BESANCON"]
[Date "2006.08.16"]
[Round "2.13"]
[White "Riff, Vincent"]
[Black "Sanchez, Nicolas"]
[Result "1/2-1/2"]
[WhiteElo "2328"]
[BlackElo "2188"]
[PlyCount "63"]
[EventDate "2006.??.??"]

1. e4 g6 2. d4 Bg7 3. Nc3 d6 4. f4 Nf6 5. a3 O-O 6. Nf3 Na6 7. Be3 c5 8. Bxa6
cxd4 9. Bxd4 bxa6 10. O-O a5 11. Nd5 Nxd5 12. exd5 Bh6 13. g3 Ba6 14. Rf2 Qd7
15. Bc3 a4 16. Qd4 f6 17. Re1 Rfc8 18. Qe3 Bf8 19. Nd4 Bb7 20. f5 Bxd5 21. Qd3
Bf7 22. Qe4 Rab8 23. Ne6 Bxe6 24. fxe6 Qe8 25. Rf4 Bh6 26. Rg4 Bg7 27. Qxa4 f5
28. Qxe8+ Rxe8 29. Ra4 Bxc3 30. bxc3 Rb7 31. g4 fxg4 32. Rxg4 1/2-1/2

[Event "Championnat de France - Accession"]
[Site "BESANCON"]
[Date "2006.08.16"]
[Round "2.14"]
[White "Frederic, Clement"]
[Black "Letreguilly, Olivier"]
[Result "0-1"]
[WhiteElo "2183"]
[BlackElo "2313"]
[PlyCount "68"]
[EventDate "2006.??.??"]

1. e4 c6 2. Nc3 d5 3. Nf3 Bg4 4. h3 Bxf3 5. Qxf3 Nf6 6. d3 e6 7. a3 Bc5 8. g3
O-O 9. Bg2 Nbd7 10. O-O a5 11. Kh1 Re8 12. Qe2 Bd4 13. Nd1 e5 14. Ne3 Bxe3 15.
Bxe3 a4 16. Rad1 Qa5 17. Qd2 Qc7 18. c3 Rad8 19. Qc2 Qa5 20. f4 dxe4 21. dxe4
Nf8 22. Rxd8 Rxd8 23. fxe5 Qxe5 24. Bd4 Qxg3 25. Bxf6 gxf6 26. Rxf6 Ng6 27. Rf3
Qe1+ 28. Kh2 Rd2 29. Qxa4 Rxg2+ 30. Kxg2 Nh4+ 31. Kh2 Nxf3+ 32. Kg2 Nh4+ 33.
Kh2 Qf2+ 34. Kh1 Qg2# 0-1

[Event "Championnat de France - Accession"]
[Site "BESANCON"]
[Date "2006.08.16"]
[Round "2.16"]
[White "Fantin, Ludwig"]
[Black "Housieaux, David"]
[Result "1/2-1/2"]
[WhiteElo "2226"]
[BlackElo "2379"]
[PlyCount "63"]
[EventDate "2006.??.??"]

1. e4 e6 2. d4 d5 3. Nd2 Nf6 4. e5 Nfd7 5. Bd3 c5 6. c3 Nc6 7. Ne2 cxd4 8. cxd4
f6 9. exf6 Nxf6 10. Nf3 Qc7 11. O-O Bd6 12. Bg5 O-O 13. Rc1 Bd7 14. Bh4 Nh5 15.
Qc2 h6 16. Bh7+ Kh8 17. Bg6 Be8 18. Bg3 Nxg3 19. hxg3 Bxg6 20. Qxg6 Rf6 21. Qg4
Raf8 22. Ne1 Qb6 23. Nd3 g5 24. b3 Nb4 25. Nxb4 Bxb4 26. Rc2 e5 27. dxe5 Rxf2
28. Rxf2 Rxf2 29. Kh2 Qg6 30. Rc8+ Rf8 31. Rxf8+ Bxf8 32. Nf4 1/2-1/2

[Event "Championnat de France - Accession"]
[Site "BESANCON"]
[Date "2006.08.16"]
[Round "2.17"]
[White "Ouakhir, Mehdi"]
[Black "Bijaoui, Manuel"]
[Result "0-1"]
[WhiteElo "2238"]
[BlackElo "2363"]
[PlyCount "60"]
[EventDate "2006.??.??"]

1. d4 Nf6 2. c4 g6 3. Nc3 Bg7 4. e4 d6 5. f3 O-O 6. Nge2 c5 7. d5 e6 8. Ng3
exd5 9. cxd5 a6 10. a4 Re8 11. Be2 Nbd7 12. O-O Rb8 13. Be3 h5 14. h3 Nh7 15.
Qd2 Qa5 16. Nh1 f5 17. Nf2 Ne5 18. f4 Nf7 19. exf5 Bxf5 20. g4 hxg4 21. hxg4
Bd7 22. Bd3 Nf8 23. Rae1 Re7 24. f5 Rbe8 25. Nfe4 Bxc3 26. Nxc3 Qb4 27. Re2 Ne5
28. Bg5 Qd4+ 29. Re3 Nc4 30. Ne2 Nxd2 0-1

[Event "Championnat de France - Accession"]
[Site "BESANCON"]
[Date "2006.08.16"]
[Round "2.22"]
[White "Fargere, Francois"]
[Black "Minet, Steve"]
[Result "1-0"]
[WhiteElo "2311"]
[BlackElo "2196"]
[PlyCount "47"]
[EventDate "2006.??.??"]

1. e4 c5 2. Nf3 d6 3. d4 cxd4 4. Nxd4 Nf6 5. Nc3 a6 6. Bc4 e6 7. Bb3 Nbd7 8.
Bg5 Qa5 9. Bxf6 Nxf6 10. O-O Be7 11. f4 O-O 12. f5 Qc5 13. fxe6 fxe6 14. Kh1 d5
15. e5 Ne8 16. Qg4 Nc7 17. Na4 Qa7 18. Rxf8+ Bxf8 19. Rf1 Bc5 20. Qf4 h6 21.
Qf7+ Kh8 22. Qxc7 Bxd4 23. Rf8+ Kh7 24. c3 1-0

[Event "Championnat de France - Accession"]
[Site "BESANCON"]
[Date "2006.08.16"]
[Round "2.31"]
[White "Khairallah, Faisal"]
[Black "Guennoun, Anthony"]
[Result "1-0"]
[WhiteElo "2248"]
[BlackElo "2159"]
[PlyCount "77"]
[EventDate "2006.??.??"]

1. e4 c5 2. Nf3 Nc6 3. Nc3 Nf6 4. Bb5 Qc7 5. O-O Nd4 6. Re1 a6 7. e5 Nxb5 8.
exf6 Nxc3 9. fxg7 Bxg7 10. dxc3 d6 11. Qd5 e5 12. Ng5 O-O 13. Ne4 Be6 14. Qxd6
Qxd6 15. Nxd6 b6 16. Bg5 f6 17. Bh4 Rfd8 18. Ne4 Kf7 19. Rad1 h6 20. c4 Rd4 21.
c3 Rxd1 22. Rxd1 Ra7 23. f3 f5 24. Nd6+ Kf8 25. Nc8 Bxc8 26. Rd8+ Kf7 27. Rxc8
Rd7 28. Rd8 Ke6 29. Rxd7 Kxd7 30. a4 h5 31. Bg5 Kc6 32. Kf2 b5 33. cxb5+ axb5
34. a5 c4 35. Be7 Bh8 36. h3 Bg7 37. g4 hxg4 38. hxg4 fxg4 39. fxg4 1-0